Statistiques concernant Les personnages de Kingdom Hearts 2: Final Mix

Cliquez ici pour prendre le quiz!

Statistiques générales

  • Ce quiz a été pris 132 fois
    (45 depuis la dernière actualisation)
  • Le résultat moyen est 93 sur 146

Statistiques - réponses

HintRéponse% Correct
Belle
100%
Colysée de l'OlympeHercule
100%
Port Royal | Ville d'HalloweenJack
100%
Minnie
100%
Jasmine
97%
Mickey
97%
Tigrou
97%
AgrabahAladdin
95%
Château de DisneyDonald
95%
Hades
95%
Rikku
95%
Riku
95%
Terre des LionsSimba
95%
Île du DestinSora
95%
Foret des rêves bleusWinnie
95%
AtlanticaAriel
92%
Château de la BêteBête
92%
Dingo
92%
Kairi
92%
Daisy
89%
Jafar
89%
Roxas
89%
Axel
86%
Terre des DragonMulan
86%
Pat
86%
Tac
86%
Tic
86%
Ursula
86%
Cloud
84%
Coco Lapin
84%
Porcinet
84%
Scar
84%
Génie
81%
Lumière
81%
Maléfique
81%
Nala
81%
Timon
81%
Space PanaroidsTron
81%
Iago
78%
Marluxia
78%
Polochon
78%
Sébastien
78%
Organisation XVIIIXemnas
78%
Xigbar
78%
Barbossa
76%
Megara
76%
Saïx
76%
Will
76%
Xaldin
76%
Am
73%
Forteresse mauditeAnsem
73%
Ansem (Le sage)
73%
Bourriquet
73%
Demyx
73%
Gram
73%
Mushu
73%
Stram
73%
Vexen
73%
Larxene
70%
Luxord
70%
Merlin
70%
Mufasa
70%
Olette
70%
Roi Triton
70%
Sally
70%
Elizabeth
68%
Hayner
68%
Pégase
68%
Pence
68%
Petit Gourou
68%
Pluto
68%
Yen Sid
68%
Zexion
68%
Aerith
65%
Jardin RadieuxLéon
65%
Lexaeus
65%
Oogie Boogie
65%
Peine
65%
Philoctète
65%
Picsou
65%
Rafiki
65%
Séphiroth
65%
Abu
62%
Big Ben
62%
Fifi
62%
Loulou
62%
Maitre Hibou
62%
Maman Gourou
62%
Riri
62%
Chicken Little
59%
Ed
59%
Flotsam
59%
Jetsam
59%
Panique
59%
Pumbaa
59%
InvocationsStitch
59%
Cerbère
57%
DiZ
57%
Tapis
57%
Youffie
57%
Auron
54%
Cid
54%
Cité du CrépusculeNaminé
54%
Zéro
54%
Maire
51%
Xehanort
51%
Madame Samovar
49%
MCP
49%
Shang
49%
Tifa
49%
Vivi
49%
Empereur
46%
Eric
46%
Hydre
46%
Marchand
46%
Père Noël
46%
Seifer
46%
Zip
43%
Banzaï
41%
Shan-Yu
41%
Mog
38%
Peter Pan
38%
Selphie
38%
Setzer
38%
Shenzi
35%
Armoire
32%
Clara
32%
Rivière IntemporelleHorace
32%
Clarabelle
27%
Finkelstein
27%
Pimprenelle
27%
Taupe
27%
Yuna
27%
Flora
24%
Pâquerette
24%
Sark
24%
Paine
22%
Fuu
19%
Ling
19%
Rai
19%
Baignoire
16%
Chien-po
14%
Yao
14%
Jiminy Cricket
11%
Vanessa
5%

Distribution des résultats

Percentile par nombre de réponses

% des personnes avec chaque résultat

Votre développement - résultats

Vous n’avez pas pris ce quiz depuis la dernière actualisation